=LDR 00000nam 2200000 4500 =001 NUTBA000000000002868 =005 20140707101642.0 =006 =007 =008 =020 ##$$a 978-979-29-1578-5 =035 ##$$a 0010-071400000000056 =040 ##$$a NBPDMAT =082 ##$$a 595.388 =090 ##$$a 595.388 $b Ghu b =100 ##$$a M.Ghufran H.Kordik =245 ##$$a Budidaya udang laut / $c M.Ghufran H.Kordik =260 ##$$a Yogyakarta : $b Andi, $c 2010 =300 ##$$a xxii, 314 hlm. ; $c 21 cm. =650 ##$$a Udang Laut =850 ##$$a NBPDMAT =990 ##$$a 21402897